Quizzes
Events
Quiz Creation
Community
Videos
Private Events
Remove Ads
Sign In
Join for FREE
Feedback
Dark Mode
Quiz Categories
Sports
Geography
Music
Movies
Television
Just For Fun
Miscellaneous
History
Literature
Language
Science
Gaming
Entertainment
Religion
Holiday
For Kids
Quiz Lab
Recent
Popular Today
Quiz Kudos Today
Editor Picks
Curator Picks
Quizzes by...
Day
Popularity
Type
Ratings
Length
Year
Community
Subscriptions
Recent Discussions
Orange Saloon
Badges
Playlists
Quests
Create
Leaderboards
Showdown
Live 5
Trivia Bingo
Activity
Puzzle Library
Sporcle Events
Private Events
Virtual Trivia
Globe League
Become a Host
Pub Owners
SporcleCon
Opinionation
Our Games
Videos
Blog
Mobile Apps
Partnerships
Remove Ads and Go Orange
Feedback
Sports
Athletes
MLB
NBA
NHL
NFL
Soccer
Sports Teams
WWE
NCAA
Football
Premier League
Basketball
Baseball
Hockey
Golf
Tennis
Cricket
Rugby
Auto Racing
Olympics
World Cup
Sports
Athletes
MLB
NBA
NHL
NFL
Soccer
Sports Teams
WWE
NCAA
Football
Premier League
Basketball
Baseball
Hockey
Golf
Tennis
Cricket
Rugby
Auto Racing
Olympics
World Cup
Random Quiz
Search Sporcle
×
Quiz Lab
Quiz Lab
Sports
State
Type in answers that appear in a list
Type in answers that appear in a list
Classic
Best Score? Go Orange.
State by College Nickname Stats
Can you name the state by the nickname of one of its college's athletic teams?
By
Geomaster73
7m
50 Questions
257 Plays
257 Plays
257 Plays
Comments
Comments
Give Quiz Kudos
Give Quiz Kudos
-
- Ratings
hide this ad
More Info
Forced Order
Answers have to be entered in order
Answers have to be entered in order
Random Order
Randomize order of answers
Randomize order of answers
Replay
Link that replays current quiz
Next Quiz
Link to next quiz in quiz playlist
You Got
0%
They Got
Avg Score
69%
Avg Friend Score
Upgrade to see
Score Distribution
Jump to the score distribution portion of the page
Score
0/50
Timer
07:00
0
Plays Today
Nickname
State
% Correct
Crimson Tide
Alabama
90.3%
Fighting Illini
Illinois
90.3%
Terrapins
Maryland
89.9%
Buckeyes
Ohio
89.9%
Gators
Florida
89.5%
Sooners
Oklahoma
89.1%
Badgers
Wisconsin
89.1%
Tar Heels
North Carolina
88.7%
Ducks
Oregon
88.3%
Boilermakers
Indiana
87.5%
Nittany Lions
Pennsylvania
86.8%
Utes
Utah
86.4%
Wolverines
Michigan
86%
Gamecocks
South Carolina
86%
Horned Frogs
Texas
85.2%
Warriors/
Rainbow Warriors
Hawaii
84.8%
Volunteers
Tennessee
84.8%
Golden Gophers
Minnesota
84.4%
Mountaineers
West Virginia
84.4%
Lobos
New Mexico
83.3%
Yellow Jackets
Georgia
82.9%
Scarlet Knights
New Jersey
78.2%
Cyclones
Iowa
77.8%
Green Wave
Louisiana
75.9%
Shockers
Kansas
74.7%
Nickname
State
% Correct
Broncos
Idaho
71.6%
Fighting Blue Hens
Delaware
71.2%
Hilltoppers
Kentucky
70.4%
Runnin' Rebels
Nevada
69.6%
Jackrabbits
South Dakota
69.6%
Friars
Rhode Island
68.9%
Grizzlies
Montana
63%
Crimson
Massachusetts
62.6%
Catamounts
Vermont
62.3%
Blue Jays
Nebraska
60.7%
Bison
North Dakota
59.9%
Black Bears
Maine
58%
Delta Devils
Mississippi
57.2%
Gauchos
California
56.8%
Big Red
New York
54.9%
Falcons
Colorado
54.5%
Red Wolves
Arkansas
54.1%
Lumberjacks
Arizona
39.3%
Seawolves
Alaska
38.9%
Stags
Connecticut
37.7%
Kangaroos
Missouri
37%
Patriots
Virginia
37%
Penmen
New Hampshire
30.7%
Redhawks
Washington
29.6%
Trapper
Wyoming
25.7%
Quiz Playlist
Details
Report
Send in Message
Add To Playlist
More Info:
Postal Abbreviations are accepted.
Classic:
Type in answers that appear in a list
Forced Order:
Answers have to be entered in order
Random Order:
Randomize order of answers
Last Updated: Feb 16, 2017
Quiz Scoreboard
CHALLENGE
Sign Up to Join the Scoreboard
Show All
Scores
Hide
Comments
May contain spoilers
Recently Published
An Introduction to Baseball
by treessimontrees
Sports
5m
Movies - When Are They Set?
by FPL_Elf
Movies
5m
Popular People in 1961
by mucciniale
History
6m
More to Explore
Quiz From the Vault
Featured Blog Post
Where Did the Easter Bunny Come From?
hide this ad
You Might Also Like...
Tags
College Quiz
State Quiz
University Quiz
College Sports
College Towns
NCAA Basketball
NCAA Football
nickname
Sports History
Team Names
University Mascots
Today's Top Quizzes in Sports
Browse Sports
hide this ad
Today's Top Quizzes in State
Browse State
Top Contributed Quizzes in Sports
1
Les meilleurs buteurs des matchs entre le PSG et l’OM
2
2022 World Cup Stars
3
FIFA Club World Cup Champions
4
Les entraîneurs de l'OM et du PSG au 21e siècle
5
Name the Premier League winners with different clubs
6
La finale Lions - Afrique du Sud 2021
7
Criteria MLB: Left Handed Sluggers
8
Les joueurs passés par le LOSC et le RC Lens
9
Players with Multiple 50 Home Run Seasons
10
MLB Players with Two .350 Batting Average Seasons
Explore More
Trending Topics
Harry Potter
Anime
NBA
Disney
Marvel
Kpop
Crossword
NFL
Pokémon
Country
Soccer
The Office
Song
WWE
Puzzle
hide this ad
More By:
Geomaster73
Quiz
Plays
Rating
Category
Featured
Created
Country by Head of State
4,404
4.68
History
Jun 4, 2013
Countries in Call of Duty
727
4.60
Gaming
Jun 6, 2013
NBA Hall of Famers: Yes or No?
630
3.00
Sports
Jun 6, 2013
Real and Fake Religions
394
4.00
Religion
Jun 6, 2013
Historic NBA Cities
291
3.63
Sports
Jun 6, 2013
Go to Creator's Profile
Score Distribution
Quiz Creator Spotlight
Geomaster73
Follow
Send a Message
Quizzes Created
-
Created Quiz Play Count
-
More By This Creator
Popular Quizzes Today
1
Find the Countries of Europe - No Outlines Minefield
2
Find the US States - No Outlines Minefield
3
The Countries of the World
4
Popular People in 1961
5
US States
6
1-10 Letter E Words III
7
Find the US States
8
One Thing in Common: World Cities II
More Sports Quizzes
NBA Finals Matchups
Quiz Lab
Trending Quizzes
Risky Map Clicking: Least Populous States A-Z
1-10 Letter F Words
1-10 Letter G Words
One Thing in Common: United Kingdom
Risky Map Clicking: Next State Alphabetically
Recently Updated
Leaping Animals
pecheneg
Reality TV Shows (A-Z)
bhenderson79
Rickey Henderson's Hall of Fame Teammates
pecheneg
Champions League XIs: Arsenal
pecheneg
Quick Pick: Celebrities in WWE's Hall of Fame
aduchscher
A-Z Keypad Blitz II
pecheneg
Multiple Oscar Actors
pecheneg
Mystery Phrase Blitz: Oscar 'Best Actors'
pecheneg
F. Scott Fitzgerald Novels
LTH
Pick 3 Villains
ddd62291
Trending Topics
Marvel
Disney
Crossword
NBA
Harry Potter
Anime
Kpop
Pokémon
Song
WWE
NFL
Puzzle
Country
Soccer
The Office
Your Account Isn't Verified!
In order to create a playlist on Sporcle, you need to verify the email address you used during registration. Go to your
Sporcle Settings
to finish the process.
Report this User
Report this user for behavior that violates our
Community Guidelines
.
Details:
Send Report
Go to the Sporcle.com Mobile Site →
Comments